| 000 | 01215cam a2200301 a 4500 | ||
|---|---|---|---|
| 001 | 13887741 | ||
| 003 | ARRUPE | ||
| 005 | 20140130170636.0 | ||
| 008 | 050303s2005 nyu b 001 0 eng | ||
| 010 | _a 2005005980 | ||
| 020 | _a0809143593 (alk. paper) | ||
| 040 |
_aDLC _cDLC _dDLC |
||
| 042 | _apcc | ||
| 050 | 0 | 0 |
_aBV4211.3 _b.D42 2005 |
| 082 | 0 | 0 |
_a251 _222 |
| 100 | 1 |
_aDeBona, Guerric, _d1955- _97453 |
|
| 245 | 1 | 0 |
_aFulfilled in our hearing : _bhistory and method of Christian preaching / _cGuerric DeBona. |
| 260 |
_aNew York : _bPaulist Press, _cc2005. |
||
| 300 |
_axi, 228 p. ; _c23 cm. |
||
| 504 | _aIncludes bibliographical references (p. 214-225) and index. | ||
| 505 | 0 | _aThe changing voice of preaching -- The new homiletic -- Liturgical preaching -- Multicultural preaching -- Contemporary preaching. | |
| 650 | 0 |
_aCatholic preaching. _97454 |
|
| 650 | 0 |
_aPreaching. _97455 |
|
| 856 | 4 | 1 |
_3Table of contents _uhttp://www.loc.gov/catdir/toc/ecip058/2005005980.html |
| 906 |
_a7 _bcbc _corignew _d1 _eecip _f20 _gy-gencatlg |
||
| 942 |
_2lcc _cMONOGRAPH |
||
| 999 |
_c119807 _d119807 |
||